Central Library, Doon University
WEBOPAC (ONLINE PUBLIC ACCESS CATALOGUE)

Advanced Objective General Knowledge 2025 (Record no. 60904)

MARC details
000 -LEADER
fixed length control field 00503nam a22001817a 4500
005 - DATE & TIME
control field 20260529122457.0
008 - FIXED-LENGTH DATA ELEMENTS--GENERAL INFORMATION
fixed length control field 260527b |||||||| |||| 00| 0 eng d
020 ## - ISBN
International Standard Book Number 9789364683586
Price 450.00
040 ## - CATALOGING SOURCE
Original cataloging agency Doon University
041 ## - Language
Language English
082 ## - DDC NUMBER
Book Number AGG
Classification number 001.076
100 ## - MAIN ENTRY--PERSONAL NAME
Personal name Aggarwal, R.S.
245 ## - TITLE STATEMENT
Title Advanced Objective General Knowledge 2025
Sub Title : For All Competitive Examinational
260 ## - PUBLICATION, DISTRIBUTION, ETC. (IMPRINT)
Place of publication, distribution, etc Uttar Pradesh
Name of publisher, distributor, etc S. Chand
Date of publication, distribution, etc 2025
300 ## - PHYSICAL DESCRIPTION
Pages V.P.
650 ## - Subject
Subject Competitive Books
942 ## - ADDED ENTRY ELEMENTS (KOHA)
Koha item type Books
100 ## - MAIN ENTRY--PERSONAL NAME
-- 126
952 ## - LOCATION AND ITEM INFORMATION (KOHA)
-- 2026-05-27
Holdings
Withdrawn status Lost status Source of classification or shelving scheme Damaged status Not for loan Location (home branch) Sublocation or collection (holding branch) Date acquired Koha full call number Accession No. Koha date last seen Koha item type
          Doon University Doon University 27.05.2026 001.076 AGG CB866 27.05.2026 Books
Contact : +91-135-2533126 (Library),+91-135-2533105 (Admin Office) , Email : doonlibrary@gmail.com

Powered by Koha